00630nam a2200205Ia 450000500170000000800410001702000260005804000190008404100120010308200180011510000140013324500710014726000370021830000160025550400500027163000220032165000190034365100520036285000100041420230623083924.0131103s9999 xx 000 0 und d a8170335442cRs.775.00 aLoreto College aEnglish a301.0954bAHU aAhuja,Ram aSociety in Indiab Concepts,theories and recent trends cRam Ahuja aJaipurbRawat Publicationsc1999 axii,504 p.  aIncludes bibliographical references and index aIndia - Sociology aSocial Science aPhiosophy and Theory of Social Science - India aLCLIB